| 000 | 01368nam a2200325 i 4500 | ||
|---|---|---|---|
| 999 |
_c65131 _d65131 |
||
| 001 | 768714001 | ||
| 003 | CO-MdFUSB | ||
| 005 | 20240618062720.0 | ||
| 008 | 190719t2002 us |||| |||| 00| 0 eng d | ||
| 020 | _a083082345X | ||
| 040 |
_aCO-MdFUSB _bspa _cCO-MdFUSB _dCO-MdFUSBC _erda |
||
| 041 | _aeng | ||
| 082 |
_229 _a266.088297 _bAD232 |
||
| 100 |
_aAdeney, Miriam. _eautor |
||
| 245 |
_aDaughters of Islam : _bbuilding bridges with Muslim women _c/ Miriam Adeney. |
||
| 264 | 1 |
_aEstados Unidos : _bInterVarsity Press, _c[2002] |
|
| 264 | 4 | _c© 2002 | |
| 300 |
_a224 páginas _c; 21 cm |
||
| 336 |
_2rdacontent _atexto _btxt |
||
| 337 |
_2rdamedia _asin mediación _bn |
||
| 338 |
_2rdacarrier _avolumen _bnc |
||
| 505 | _a¿Por qué las mujeres musulmanas vienen a Cristo?. -- Cada mujer es una excepción. -- Hermanas árabes. -- ¿Qué es la liberación para las mujeres musulmanas?. -- Hermanas iraníes. --Familia: Sexo, Solteros, Maridos, Niños. -- Hermanas del sudeste asiático. -- Cantando nuestra teología. -- Hermanas africanas. -- El dinero importa: ¿quién paga?. -- Cuando me busques con todo tu corazón. Notas | ||
| 563 | _aRústico | ||
| 650 | 0 |
_9362 _aEvangelización |
|
| 650 | 0 |
_aMisiones _9154 |
|
| 650 | 0 |
_aCristianismo y otras religiones _xHinduismo. _91248 |
|
| 653 | _aMisiones -- Medio Oriente | ||
| 942 | _cBK | ||
| 945 | _aJTF-925 | ||